[Event "World Blitz Women 2023"]
[Site "Samarkand UZB"]
[Date "2023.12.30"]
[Round "10.1"]
[White "Gunina, Valentina"]
[Black "Garifullina, Leya"]
[Result "1-0"]
[WhiteElo "2348"]
[BlackElo "2216"]
[EventDate "2023.12.29"]

1. d4 Nf6 2. c4 e6 3. Nf3 d5 4. Nc3 Bb4 5. cxd5 exd5 6. Bg5 h6 7. Bh4 O-O
8. e3 Bf5 9. Be2 Nbd7 10. Qb3 c5 11. O-O Bxc3 12. bxc3 b6 13. Bb5 c4 14.
Qa3 Qc8 15. Ne5 Nxe5 16. dxe5 Nd7 17. Rfd1 Nxe5 18. Be7 Bd3 19. Qd6 Ng6 20.
Bxf8 Qxf8 21. Qxd5 Rd8 22. Qb7 Qc5 23. a4 a5 24. Ra2 Rf8 25. Rad2 Ne5 26.
h3 Qa3 27. Qd5 Qxc3 28. Qd4 Qxd4 29. exd4 Ng6 30. Rc1 Nf4 31. Bxc4 Rc8 32.
Rc3 Ne2+ 33. Rxe2 Bxe2 34. Bxf7+ Kxf7 35. Rxc8 Bd1 36. Rc7+ Kf8 37. Rb7
Bxa4 38. Rxb6 Bd7 39. Ra6 a4 40. f3 Ke7 41. Kf2 Bb5 42. Ra5 Bd7 43. Ke3 Kd6
44. Kd3 Bf5+ 45. Rxf5 1-0

[Event "World Blitz Women 2023"]
[Site "Samarkand UZB"]
[Date "2023.12.30"]
[Round "10.2"]
[White "Lagno, Kateryna"]
[Black "Bodnaruk, Anastasia"]
[Result "1/2-1/2"]
[WhiteElo "2522"]
[BlackElo "2260"]
[EventDate "2023.12.29"]

1. e4 c5 2. Nf3 d6 3. Bb5+ Bd7 4. Bxd7+ Qxd7 5. d4 cxd4 6. Qxd4 Nc6 7. Qd3
g6 8. O-O Bg7 9. c4 Nf6 10. Nc3 O-O 11. Bd2 Rac8 12. Rac1 Ng4 13. b3 Nge5
14. Nxe5 Nxe5 15. Qe2 Nc6 16. Be3 Qe6 17. f3 f5 18. exf5 gxf5 19. Rfe1 Qg6
20. Nb5 a6 21. Na7 Nxa7 22. Bxa7 e5 23. Rcd1 Rce8 24. Rd5 Re6 25. Bf2 e4
26. f4 e3 27. Bxe3 Rfe8 28. Qf2 Qf6 29. Rd3 Qe7 30. Kf1 b5 31. cxb5 axb5
32. Bd2 Re4 33. Rg3 Kh8 34. h3 d5 35. Rxe4 fxe4 36. Be3 Qb4 37. Rxg7 Kxg7
38. Bd4+ Kf7 39. Be5 Rc8 40. Kg1 Rc1+ 41. Kh2 Qe7 42. Qg3 Ke8 43. Qg8+ Kd7
44. Qxd5+ Ke8 45. Qxe4 h5 46. Qd5 h4 47. Qxb5+ Kf7 48. Qd5+ Ke8 49. Qg8+
Kd7 50. Qg4+ Ke8 51. a4 Qc5 52. Qg8+ Ke7 53. Qh7+ Ke8 54. Qxh4 Qg1+ 55. Kg3
Qe1+ 56. Kg4 Qe2+ 57. Kf5 Qc2+ 58. Kf6 Qxg2 59. Qh8+ Kd7 60. Qg7+ Qxg7+ 61.
Kxg7 Ke6 62. a5 Rc5 63. b4 Rb5 64. h4 Rxb4 65. h5 Kf5 66. h6 Rb7+ 67. Kf8
Ra7 68. Bc3 Kg6 69. Ke8 Kxh6 70. Kd8 Kg6 71. Kc8 Kf5 72. Kb8 Rxa5 73. Bxa5
Kxf4 1/2-1/2

[Event "World Blitz Women 2023"]
[Site "Samarkand UZB"]
[Date "2023.12.30"]
[Round "10.3"]
[White "Kosteniuk, Alexandra"]
[Black "Dronavalli, Harika"]
[Result "1/2-1/2"]
[WhiteElo "2455"]
[BlackElo "2420"]
[EventDate "2023.12.29"]

1. e4 e5 2. Nf3 Nf6 3. Nc3 Nc6 4. Bc4 Be7 5. d4 d6 6. h3 O-O 7. O-O a6 8.
a4 h6 9. dxe5 Nxe5 10. Nxe5 dxe5 11. Qe2 Bc5 12. Be3 Qe7 13. Rfd1 Bxe3 14.
Qxe3 Be6 15. Nd5 Bxd5 16. exd5 Ne8 17. Bb3 Nd6 18. c4 Rae8 19. Bc2 e4 20.
c5 Nf5 21. Qf4 Qe5 22. Qxe5 Rxe5 23. b4 Rd8 24. Bb3 Ne7 25. d6 cxd6 26.
Rxd6 Rxd6 27. cxd6 Nc6 28. Rd1 Kf8 29. Bd5 Ke8 30. b5 axb5 31. axb5 Nd8 32.
d7+ Ke7 33. b6 f5 34. Rd4 g5 35. Kf1 e3 36. fxe3 Rxe3 37. Bf3 Re6 38. Rd5
Rxb6 39. Rxf5 Kxd7 40. Bg4 Ke7 41. Re5+ Kf7 42. Rd5 Ne6 43. Rd7+ Kg8 44.
Bxe6+ Rxe6 1/2-1/2

[Event "World Blitz Women 2023"]
[Site "Samarkand UZB"]
[Date "2023.12.30"]
[Round "10.4"]
[White "Munkhzul, Turmunkh"]
[Black "Goryachkina, Aleksandra"]
[Result "1-0"]
[WhiteElo "2211"]
[BlackElo "2475"]
[EventDate "2023.12.29"]

1. e4 e5 2. Nf3 Nf6 3. d4 Nxe4 4. Bd3 d5 5. Nxe5 Bd6 6. O-O O-O 7. Nd2 Nxd2
8. Bxd2 Nd7 9. Nxd7 Bxd7 10. Qh5 f5 11. Bg5 Qe8 12. Qf3 Qf7 13. Bf4 Bxf4
14. Qxf4 c6 15. Rfe1 Rae8 16. c3 h6 17. h4 Bc8 18. b4 a6 19. a4 Qf6 20. b5
axb5 21. axb5 g5 22. hxg5 hxg5 23. Qc7 Qf7 24. Qxf7+ Kxf7 25. bxc6 bxc6 26.
Ra7+ Kf6 27. Rxe8 Rxe8 28. Rc7 Re1+ 29. Kh2 Be6 30. Rxc6 Rd1 31. Ba6 Ke7
32. Bc8 Bxc8 33. Rxc8 Rd2 34. f3 f4 35. Rc6 Rc2 36. Rg6 Rxc3 37. Rxg5 Rd3
38. Rxd5 Ke6 39. Re5+ Kf6 40. Re4 Kf5 41. Kh3 Rd2 42. Re5+ Kf6 43. Rd5 Ke6
44. Rd8 Ke7 45. Rg8 Rxd4 46. Kg4 Ke6 47. Re8+ Kd7 48. Re4 Rd2 49. Kh3 Kd6
50. Rxf4 Ke5 51. Rf8 Rd1 52. g4 Ke6 53. g5 Rh1+ 54. Kg4 Ke7 55. Rf6 Rh2 56.
f4 1-0

[Event "World Blitz Women 2023"]
[Site "Samarkand UZB"]
[Date "2023.12.30"]
[Round "10.5"]
[White "Mammadzada, Gunay"]
[Black "Shukhman, Anna"]
[Result "1-0"]
[WhiteElo "2408"]
[BlackElo "2093"]
[EventDate "2023.12.29"]

1. e4 c5 2. Nf3 e6 3. d4 cxd4 4. Nxd4 a6 5. Bd3 Bc5 6. Nb3 Ba7 7. Qe2 Ne7
8. Be3 O-O 9. c4 Nbc6 10. Nc3 Bxe3 11. Qxe3 d5 12. exd5 exd5 13. Rd1 Re8
14. O-O d4 15. Qf3 Ne5 16. Bxh7+ Kxh7 17. Qh5+ Kg8 18. Qxe5 Nf5 19. Qf4 d3
20. Nd5 Be6 21. Rxd3 Rc8 22. Nd2 b5 23. b3 bxc4 24. Nxc4 Rc5 25. Nb4 Qf6
26. Rfd1 Bxc4 27. bxc4 Rce5 28. Qd2 Nd6 29. Nc2 Nxc4 30. Qc1 Re2 31. Rf3
Qg6 32. Nd4 R2e4 33. h3 Ne5 34. Rg3 Qf6 35. Qd2 Nc4 36. Qc3 Nd6 37. Qf3
Qxf3 38. Nxf3 Nc4 39. Rd7 Nd2 40. Nxd2 1-0

[Event "World Blitz Women 2023"]
[Site "Samarkand UZB"]
[Date "2023.12.30"]
[Round "10.6"]
[White "Assaubayeva, Bibisara"]
[Black "Kamalidenova, Meruert"]
[Result "1-0"]
[WhiteElo "2476"]
[BlackElo "2314"]
[EventDate "2023.12.29"]

1. d4 Nf6 2. c4 g6 3. Nc3 Bg7 4. e4 d6 5. Be2 O-O 6. Be3 Nc6 7. d5 Ne5 8.
Rc1 c6 9. Nf3 Nfg4 10. Bd4 c5 11. Bxe5 Nxe5 12. Nxe5 Bxe5 13. O-O b5 14.
cxb5 a6 15. a4 axb5 16. axb5 Bd7 17. Qd2 Qb6 18. Ra1 Rfb8 19. h3 Ra7 20.
Rfb1 Rba8 21. Rxa7 Qxa7 22. Bc4 Qa5 23. Qd3 Qb4 24. Na2 Qa5 25. b4 Qb6 26.
bxc5 Qxc5 27. Nb4 Bd4 28. Nc6 Bxf2+ 29. Kh1 Bh4 30. Rf1 Ra3 31. Bb3 Kg7 32.
Rb1 Bf6 33. Qc4 Qf2 34. Qd3 Qf4 35. Rf1 Rxb3 36. Qc4 Rc3 37. Qe2 Rc1 1-0

[Event "World Blitz Women 2023"]
[Site "Samarkand UZB"]
[Date "2023.12.30"]
[Round "10.7"]
[White "Muzychuk, Anna"]
[Black "Divya, Deshmukh"]
[Result "1/2-1/2"]
[WhiteElo "2447"]
[BlackElo "2315"]
[EventDate "2023.12.29"]

1. e4 c5 2. Nf3 Nc6 3. Bb5 e6 4. O-O Nge7 5. d4 cxd4 6. Nxd4 Ng6 7. Be3 Be7
8. c3 O-O 9. Nd2 a6 10. Be2 b5 11. Nxc6 dxc6 12. a4 Bb7 13. c4 b4 14. c5
Qc7 15. Nc4 Rad8 16. Qb3 a5 17. g3 Ba6 18. Rfd1 Qa7 19. Rac1 Bxc4 20. Qxc4
Ne5 21. Qc2 h6 22. b3 Ng6 23. f4 Qc7 24. e5 Rxd1+ 25. Rxd1 Rd8 26. Rxd8+
Bxd8 27. Qd3 Ne7 28. Bf3 Nd5 29. Bxd5 exd5 30. Bd4 Be7 31. Qa6 Kh7 32. Qb6
Bd8 33. Qa6 Qd7 34. Qd3+ g6 35. Kg2 Qg4 36. h3 Qe6 37. g4 Qe7 38. Qa6 Qd7
39. Qd3 Qe7 40. Qe3 f5 41. Qd3 Qe6 42. Kg3 h5 43. g5 1/2-1/2

[Event "World Blitz Women 2023"]
[Site "Samarkand UZB"]
[Date "2023.12.30"]
[Round "10.8"]
[White "Omonova, Umida"]
[Black "Stefanova, Antoaneta"]
[Result "1-0"]
[WhiteElo "2304"]
[BlackElo "2398"]
[EventDate "2023.12.29"]

1. e4 e5 2. Nf3 Nc6 3. Bc4 Nf6 4. d3 Bc5 5. O-O O-O 6. a4 a6 7. a5 h6 8.
Be3 Bxe3 9. fxe3 d5 10. exd5 Nxd5 11. Qe1 Be6 12. Bxd5 Bxd5 13. e4 Be6 14.
Nbd2 Nd4 15. Rc1 f6 16. Qf2 c5 17. Nxd4 cxd4 18. Ra1 Rc8 19. Rfc1 Rc5 20.
b4 Rb5 21. Rab1 Qe7 22. c4 dxc3 23. Rxc3 Rxb4 24. Rbc1 Rd8 25. Nf3 Rb3 26.
Rc7 Rd7 27. Rc8+ Kh7 28. d4 exd4 29. Qg3 d3 30. Nh4 g5 31. Qb8 d2 32. Rh8+
Kg7 33. Nf5+ Kg6 34. Nxe7+ Rxe7 35. Rd1 Bg4 36. Qf8 Rg7 37. Qe8+ Rf7 38.
Rg8+ 1-0

[Event "World Blitz Women 2023"]
[Site "Samarkand UZB"]
[Date "2023.12.30"]
[Round "10.9"]
[White "Narva, Mai"]
[Black "Danielian, Elina"]
[Result "1/2-1/2"]
[WhiteElo "2292"]
[BlackElo "2352"]
[EventDate "2023.12.29"]

1. e4 d6 2. d4 Nf6 3. Nc3 c6 4. f4 Qa5 5. e5 Ne4 6. Nf3 Nxc3 7. bxc3 Bg4 8.
Bd2 e6 9. Rb1 Qc7 10. c4 dxe5 11. fxe5 c5 12. c3 Nc6 13. Be3 Rd8 14. Be2
cxd4 15. cxd4 Bb4+ 16. Kf2 O-O 17. Qb3 a5 18. Rhd1 Bxf3 19. Bxf3 f6 20. a3
fxe5 21. dxe5 Rxd1 22. Rxd1 Be7 23. Kg1 Nxe5 24. Be2 Bc5 25. h3 b6 26. Re1
h6 27. Bf1 Nf7 28. Bxc5 Qxc5+ 29. Kh1 Ng5 30. Be2 Qf2 31. Qd1 Ne4 32. Bf3
Ng3+ 33. Kh2 Nf5 34. Rxe6 Qg3+ 35. Kh1 Nh4 36. Bd5 Kh8 37. Re1 Nf5 38. Rf1
Qg5 39. Kh2 Qg3+ 40. Kh1 Qe5 41. Kg1 b5 42. Qf3 bxc4 43. Be4 Qc5+ 44. Kh2
Qe5+ 45. g3 Qb2+ 46. Rf2 Qe5 47. Bxf5 g6 48. Re2 Qxf5 49. Qc3+ Qf6 50. Qxc4
Rf7 51. Qb5 Qf3 52. Qe5+ Kh7 53. a4 h5 54. Rb2 Qa3 55. Qb5 Qc3 56. Qb3 Qf6
57. Re2 Qf3 58. Qxf3 Rxf3 59. Re5 h4 60. g4 Rf2+ 61. Kg1 Ra2 62. Rxa5 Kh6
63. Rb5 Rxa4 64. Kg2 Ra3 65. Rc5 Rg3+ 66. Kh2 Ra3 67. Kg2 Rg3+ 1/2-1/2

[Event "World Blitz Women 2023"]
[Site "Samarkand UZB"]
[Date "2023.12.30"]
[Round "10.10"]
[White "Wagner, Dinara"]
[Black "Priyanka, Nutakki"]
[Result "1-0"]
[WhiteElo "2350"]
[BlackElo "2224"]
[EventDate "2023.12.29"]

1. Nf3 d5 2. d4 Nf6 3. c4 e6 4. g3 Be7 5. Bg2 O-O 6. Qc2 a5 7. O-O Nbd7 8.
a3 dxc4 9. Rd1 c5 10. Nc3 Qb6 11. Be3 cxd4 12. Bxd4 Qa6 13. Rac1 Nc5 14.
Ng5 g6 15. Nge4 Nfxe4 16. Nxe4 Nb3 17. Nf6+ Kg7 18. Nh5+ Kg8 19. Nf6+ Kg7
20. Ne4+ Nxd4 21. Rxd4 f5 22. Nd2 Bf6 23. Rxc4 Qd6 24. Rc7+ Rf7 25. Rxc8
Rxc8 26. Qxc8 Qxd2 27. b3 Qxe2 28. Qc2 Qxc2 29. Rxc2 Rd7 30. h4 e5 31. Rc5
b6 32. Rd5 Rc7 33. Rd6 b5 34. Rd5 b4 35. axb4 axb4 36. Rb5 Rc1+ 37. Bf1 Be7
38. Rxe5 Bc5 39. Re8 Kf7 40. Re2 Rc3 41. Rd2 Kf6 42. Bc4 Rc1+ 43. Kg2 h6
44. Re2 g5 45. hxg5+ hxg5 46. Re6+ Kg7 47. Re5 Bd4 48. Rxf5 Rc2 49. Rf3 Rb2
50. Rf5 Kg6 51. Rf8 Kg7 52. Rf7+ Kg6 53. Rf3 Kg7 54. Rf5 Kg6 55. g4 Be3 56.
Bf7+ Kg7 57. Bd5 Bf4 58. Kf3 Rb1 59. Bc4 Rc1 60. Rf7+ Kg6 61. Rb7 Bd2 62.
Rb6+ Kg7 63. Rb5 Rc3+ 64. Ke2 Rc2 65. Kd3 Rb2 66. Rb7+ Kf6 67. Rb6+ Kg7 68.
f3 Be1 69. Rb7+ Kf6 70. Rb6+ Kg7 71. Rb5 Bd2 72. Ke4 Rb1 73. Kf5 Re1 74.
Rb7+ Kf8 75. Rd7 Bf4 76. Kg6 Ke8 77. Rb7 Kd8 78. Rxb4 Re3 79. Bd5 Rd3 80.
Be4 Rd6+ 81. Kf5 Ra6 82. Rb7 Ra5+ 83. Ke6 Ra6+ 84. Kd5 Ra2 85. b4 Rd2+ 86.
Kc4 Rd1 87. Rf7 Rc1+ 88. Kd5 Rd1+ 89. Kc6 Rc1+ 90. Kb5 Kc8 91. Rh7 Rc7 92.
Rh8+ Kd7 93. Bf5+ Kd6 94. Rd8+ Ke7 95. Rd5 Rc1 96. Kb6 Be3+ 97. Kb7 Bf4 98.
b5 Rc3 99. b6 Rxf3 100. Rd7+ Kf6 101. Rh7 Rb3 102. Rh6+ Ke7 103. Re6+ Kf7
104. Rc6 Rb2 105. Kc8 Ke7 106. b7 Kf7 107. Rc4 Bg3 108. Rc7+ Bxc7 109. Kxc7
Kf6 110. b8=Q 1-0

[Event "World Blitz Women 2023"]
[Site "Samarkand UZB"]
[Date "2023.12.30"]
[Round "10.11"]
[White "Charochkina, Daria"]
[Black "Munguntuul, Batkhuyag"]
[Result "1-0"]
[WhiteElo "2254"]
[BlackElo "2348"]
[EventDate "2023.12.29"]

1. d4 d5 2. c4 c6 3. Nc3 Nf6 4. Nf3 e6 5. Bg5 h6 6. Bxf6 Qxf6 7. Qb3 Nd7 8.
e4 dxe4 9. Nxe4 Qf4 10. Bd3 Be7 11. O-O e5 12. Rae1 exd4 13. Bb1 O-O 14.
Ng3 Nc5 15. Qd1 Qc7 16. Qxd4 Rd8 17. Qc3 Bf6 18. Qa3 Be7 19. b4 Ne6 20. Qb2
a5 21. a3 axb4 22. axb4 c5 23. Qc2 g6 24. h4 Nd4 25. Nxd4 Rxd4 26. h5 Ra6
27. f4 Bh4 28. Re3 Kg7 29. hxg6 fxg6 30. Nh5+ Kf8 31. g3 Bf5 32. Qe2 Be7
33. Bxf5 gxf5 34. Re5 Qd7 35. Re1 Rd2 36. Qe3 Bd8 37. Rxf5+ Kg8 1-0

[Event "World Blitz Women 2023"]
[Site "Samarkand UZB"]
[Date "2023.12.30"]
[Round "10.12"]
[White "Mkrtchyan, Mariam"]
[Black "Salimova, Nurgyul"]
[Result "1-0"]
[WhiteElo "2150"]
[BlackElo "2343"]
[EventDate "2023.12.29"]

1. Nf3 d5 2. g3 g6 3. d4 Bg7 4. c4 c6 5. cxd5 cxd5 6. Bg2 Nh6 7. O-O O-O 8.
Nc3 Nf5 9. Bf4 Nc6 10. e3 e6 11. g4 Nd6 12. h3 b6 13. Qa4 Na5 14. Rfc1 Nac4
15. Qc2 Ba6 16. b3 Na5 17. Qd2 Rc8 18. Rc2 Nc6 19. Bf1 Bxf1 20. Rxf1 Ne4
21. Nxe4 dxe4 22. Nh2 e5 23. dxe5 Nxe5 24. Qxd8 Rfxd8 25. Rfc1 Rxc2 26.
Rxc2 Nd3 27. Rc7 h6 28. Nf1 a5 29. Rb7 Nxf4 30. exf4 Bd4 31. Kg2 Bc5 32.
Ng3 e3 33. fxe3 Bxe3 34. Kf3 Bc5 35. Ne4 Rd3+ 36. Kg2 Bd4 37. g5 hxg5 38.
fxg5 Be3 39. h4 Bd4 40. Rd7 Kg7 41. Nf6 Rd2+ 42. Kh1 Bc3 1-0

[Event "World Blitz Women 2023"]
[Site "Samarkand UZB"]
[Date "2023.12.30"]
[Round "10.13"]
[White "Lei, Tingjie"]
[Black "Zhu, Jiner"]
[Result "0-1"]
[WhiteElo "2530"]
[BlackElo "2384"]
[EventDate "2023.12.29"]

1. e4 c5 2. Nf3 d6 3. Bb5+ Bd7 4. Bxd7+ Qxd7 5. O-O Nc6 6. c3 Nf6 7. Qe2 e6
8. d4 cxd4 9. cxd4 d5 10. e5 Ne4 11. Nbd2 Nxd2 12. Bxd2 Be7 13. Rac1 O-O
14. a3 Rfc8 15. Qd3 Qd8 16. Rfe1 Rc7 17. b4 a6 18. Rc2 Rac8 19. Rec1 h6 20.
h3 Qd7 21. g4 Na7 22. Kg2 Rxc2 23. Rxc2 Rxc2 24. Qxc2 Qc8 25. Qb1 Qc4 26.
g5 hxg5 27. Bxg5 Nc6 28. Be3 a5 29. bxa5 Nxa5 30. Qb6 Qa6 31. Qc7 Nc6 32.
Bg5 Bf8 33. a4 Qxa4 34. Be3 Qb4 35. Ng5 Qe7 36. Qb6 f6 37. exf6 gxf6 38.
Nf3 Kf7 39. h4 Qd7 40. h5 e5 41. Nh2 exd4 42. Bxd4 Bd6 43. Be3 d4 44. Bd2
Bxh2 45. Kxh2 Qd6+ 46. Kg1 Qe7 47. Qb3+ Kg7 48. h6+ Kh7 49. Qd3+ Kh8 50.
Qb5 Ne5 51. Qd5 Qf7 52. Qd8+ Kh7 53. Bf4 Qg6+ 54. Kf1 Qd3+ 55. Kg1 Qg6+ 56.
Kf1 Qb1+ 57. Kg2 Qe4+ 58. Kg1 Qxf4 59. Qe7+ Kxh6 60. Qf8+ Kg5 61. Qg7+ Ng6
0-1

[Event "World Blitz Women 2023"]
[Site "Samarkand UZB"]
[Date "2023.12.30"]
[Round "10.14"]
[White "Matnadze Bujiashvili, Ann"]
[Black "Ju, Wenjun"]
[Result "0-1"]
[WhiteElo "2428"]
[BlackElo "2522"]
[EventDate "2023.12.29"]

1. b3 e5 2. Bb2 Nc6 3. c4 Nf6 4. g3 d5 5. Bg2 Be6 6. d3 Be7 7. Nd2 O-O 8.
cxd5 Nxd5 9. Ngf3 f6 10. O-O Nb6 11. Rc1 Qd7 12. Ne4 Bh3 13. Nc5 Bxc5 14.
Rxc5 Rad8 15. Qa1 Bxg2 16. Kxg2 Qe6 17. Rfc1 Rf7 18. h4 h6 19. h5 Nd5 20.
R5c4 a5 21. Nh4 Nb6 22. Rc5 Qg4 23. f3 Qxh5 24. Rh1 Rd5 25. g4 Qg5 26. Bc1
Rxc5 27. Bxg5 fxg5 28. Nf5 Rc2 29. Kg3 Rxe2 30. Rh2 Rxh2 31. Kxh2 Rd7 32.
Qf1 Nb4 33. d4 exd4 34. a3 Nc6 35. Qd3 Kh8 36. Ng3 Ne5 37. Qf5 d3 38. Ne4
d2 39. Nxd2 Rxd2+ 40. Kg3 Rd5 41. Qf8+ Kh7 42. Qf5+ Ng6 43. Qe4 c6 44. Qe3
Nd7 45. Qe6 Nf6 46. b4 axb4 47. axb4 Rd3 48. Qe2 Nf4 49. Qe1 Rd5 50. Qb1+
Kh8 51. Qe1 Rd3 52. Qa1 Rd2 53. Qa8+ Kh7 0-1

[Event "World Blitz Women 2023"]
[Site "Samarkand UZB"]
[Date "2023.12.30"]
[Round "10.16"]
[White "Nurmanova, Alua"]
[Black "Koneru, Humpy"]
[Result "0-1"]
[WhiteElo "2249"]
[BlackElo "2452"]
[EventDate "2023.12.29"]

1. e4 e5 2. Nf3 Nc6 3. Bb5 a6 4. Ba4 Bc5 5. c3 Nge7 6. d4 exd4 7. cxd4 Bb4+
8. Nc3 d5 9. e5 Bg4 10. h3 Bxf3 11. gxf3 Qd7 12. Bc2 O-O-O 13. Be3 Nxe5 14.
dxe5 d4 15. a3 Bxc3+ 16. bxc3 dxe3 17. Qxd7+ Rxd7 18. fxe3 Rhd8 19. Rh2 g6
20. Be4 Nd5 21. Rb1 c6 22. Bxd5 Rxd5 23. Rhb2 b5 24. c4 Rxe5 25. Kf2 Rd3
26. cxb5 axb5 27. Rc1 Kd7 28. e4 Rxa3 29. Rd2+ Kc7 30. Rdc2 Re6 31. Rc5 Kb6
32. h4 Rf6 33. R5c3 Rxc3 34. Rxc3 b4 35. Rd3 c5 36. e5 Rf4 37. Kg3 Rd4 38.
Re3 c4 39. e6 fxe6 40. Rxe6+ Kc5 41. Re5+ Rd5 42. Re7 b3 0-1

[Event "World Blitz Women 2023"]
[Site "Samarkand UZB"]
[Date "2023.12.30"]
[Round "10.17"]
[White "Khotenashvili, Bella"]
[Black "Muzychuk, Mariya"]
[Result "0-1"]
[WhiteElo "2358"]
[BlackElo "2443"]
[EventDate "2023.12.29"]

1. Nf3 d5 2. g3 g6 3. c4 c6 4. Qa4 dxc4 5. Qxc4 Bg7 6. Bg2 e5 7. d3 Ne7 8.
Nc3 O-O 9. h4 h6 10. h5 g5 11. Qb3 Nf5 12. Ne4 Na6 13. Bd2 Qe7 14. Rc1 Be6
15. Qa4 Bd5 16. a3 Nd6 17. Nxd6 Qxd6 18. b4 Rfe8 19. e4 Be6 20. Bf1 Nc7 21.
Be3 Nb5 22. Be2 a5 23. Bc5 Qd8 24. bxa5 Qxa5+ 25. Qxa5 Rxa5 26. Bb4 Ra6 27.
Kd2 Nxa3 28. d4 Ra4 29. Bxa3 Rxa3 30. Nxe5 Rd8 31. Nf3 Bxd4 32. Nxd4 Rxd4+
33. Ke1 Rxe4 34. Kf1 Bd5 35. Rh2 Rd4 36. Rd1 Rxd1+ 37. Bxd1 Ra1 38. Ke2
Bf3+ 39. Kxf3 Rxd1 40. Kg4 Kg7 41. f4 gxf4 42. Kxf4 Rc1 43. Rd2 b5 44. g4
b4 45. Rb2 c5 46. g5 Rf1+ 47. Ke5 hxg5 0-1

[Event "World Blitz Women 2023"]
[Site "Samarkand UZB"]
[Date "2023.12.30"]
[Round "10.18"]
[White "Khademalsharieh, Sarasadat"]
[Black "Rakshitta, Ravi"]
[Result "1-0"]
[WhiteElo "2395"]
[BlackElo "2225"]
[EventDate "2023.12.29"]

1. d4 Nf6 2. c4 g6 3. g3 Bg7 4. Bg2 O-O 5. Nc3 d6 6. Nf3 c6 7. O-O Bf5 8.
Nh4 Be6 9. d5 Bd7 10. e4 e5 11. dxe6 Bxe6 12. Qe2 Nfd7 13. Bd2 Qe7 14. Rfe1
Na6 15. Nf3 Ne5 16. b3 Nc5 17. Nxe5 dxe5 18. Be3 Bd7 19. Rad1 Ne6 20. Qd2
Nd4 21. Ne2 Bg4 22. Bxd4 exd4 23. f3 Be6 24. Nxd4 Rfd8 25. Qe3 Qc5 26. e5
a5 27. f4 Bg4 28. Rd2 a4 29. h3 Be6 30. Red1 axb3 31. axb3 Rd7 32. Kf2 Rad8
33. Nf3 Qb4 34. Rxd7 Rxd7 35. Rxd7 Bxd7 36. Qd2 Qe7 37. Ng5 h6 38. Ne4 Bf5
39. Nd6 Be6 40. Qb4 Bf8 41. Qxb7 Qd8 42. Qxc6 Qa5 43. Ne4 Qa2+ 44. Kg1 Qxb3
45. c5 Qb1+ 46. Kh2 Qa2 47. Qc7 Kg7 48. Nf6 Qc2 49. Ne8+ Kg8 50. Nf6+ Kg7
51. c6 Bc5 52. Ne8+ Kf8 53. Qd8 Be7 54. Qa8 Bd5 55. Nf6+ Kg7 56. Qg8# 1-0

[Event "World Blitz Women 2023"]
[Site "Samarkand UZB"]
[Date "2023.12.30"]
[Round "10.19"]
[White "Hejazipour, Mitra"]
[Black "Vaishali, Rameshbabu"]
[Result "0-1"]
[WhiteElo "2228"]
[BlackElo "2410"]
[EventDate "2023.12.29"]

1. Nf3 Nf6 2. c4 e6 3. d4 Bb4+ 4. Bd2 Qe7 5. Nc3 Bxc3 6. Bxc3 Ne4 7. Qc2
Nxc3 8. Qxc3 d6 9. e4 Nd7 10. Bd3 e5 11. d5 O-O 12. b4 f5 13. O-O fxe4 14.
Bxe4 Nf6 15. Bc2 Qf7 16. Ng5 Qh5 17. Qg3 Bg4 18. Ne6 Bxe6 19. dxe6 Rae8 20.
c5 d5 21. f4 Rxe6 22. fxe5 Qxe5 23. Qh4 Rfe8 24. h3 c6 25. Rad1 Qc3 26. Bb1
Ne4 27. Qh5 Qe3+ 28. Kh2 Nf6 29. Qh4 Qe5+ 30. Kh1 Qh5 31. Qf4 h6 32. Bf5
R6e7 33. Qg3 Qg5 34. Qd6 Re2 35. Qh2 Kh8 36. Bd3 Rxa2 37. Rf5 Qe3 38. Rxf6
gxf6 39. Qc7 Qe7 40. Qf4 Qg7 41. Rf1 Qxg2# 0-1

[Event "World Blitz Women 2023"]
[Site "Samarkand UZB"]
[Date "2023.12.30"]
[Round "10.20"]
[White "Batsiashvili, Nino"]
[Black "Shuvalova, Polina"]
[Result "0-1"]
[WhiteElo "2233"]
[BlackElo "2342"]
[EventDate "2023.12.29"]

1. d4 Nf6 2. c4 e6 3. Nc3 d5 4. Bg5 Be7 5. e3 O-O 6. Nf3 h6 7. Bh4 Nbd7 8.
Qc2 c5 9. cxd5 Nxd5 10. Bxe7 Qxe7 11. Nxd5 exd5 12. Be2 b6 13. O-O Bb7 14.
Rfd1 Rfd8 15. Rac1 Rac8 16. Qb3 Nf6 17. Ne5 Rc7 18. Bf3 Rdc8 19. Rc3 Ne4
20. Bxe4 dxe4 21. h3 cxd4 22. exd4 Qd6 23. Rdc1 Bd5 24. Qc2 Rxc3 25. bxc3
b5 26. Qb2 a6 27. a3 h5 28. Qb4 Qe6 29. Re1 Kh7 30. Nf3 Qf5 31. Nd2 Qg6 32.
Nf1 Rc4 33. Qb2 Rc7 34. Ne3 Bb7 35. Qb4 f5 36. Qf8 Rf7 37. Qe8 f4 38. Nf1
e3 39. f3 Bxf3 40. g3 e2 41. Rxe2 Bxe2 42. Qxe2 fxg3 43. Qe3 h4 44. d5 Qf5
45. Qe2 Qxd5 46. Ne3 Qc5 47. Qd3+ g6 48. Kh1 Qc6+ 49. Kg1 Qf3 50. Ng4 Qxd3
0-1

[Event "World Blitz Women 2023"]
[Site "Samarkand UZB"]
[Date "2023.12.30"]
[Round "10.21"]
[White "Peycheva, Gergana"]
[Black "Ushenina, Anna"]
[Result "1/2-1/2"]
[WhiteElo "2216"]
[BlackElo "2334"]
[EventDate "2023.12.29"]

1. d4 d5 2. c4 dxc4 3. e3 e6 4. Bxc4 Nf6 5. Nf3 c5 6. O-O Nc6 7. Re1 a6 8.
Nc3 Qc7 9. b3 Bd6 10. Bb2 O-O 11. d5 Ne5 12. dxe6 fxe6 13. Nxe5 Bxe5 14. f4
Bd6 15. Qc2 b5 16. Bd3 c4 17. bxc4 bxc4 18. Be4 Rb8 19. Bf3 Bxf4 20. exf4
Qb6+ 21. Kh1 Qxb2 22. Rac1 Qxc2 23. Rxc2 Rd8 24. Na4 Rd4 25. g3 Nd5 26. Nc5
Nb4 27. Rce2 Nd3 28. Nxd3 cxd3 29. Rd2 Bd7 30. Kg2 Kf7 31. Red1 Bb5 32. Rc1
Rbd8 33. Rc7+ R8d7 34. Rc8 Rc4 35. Rxc4 Bxc4 36. Kf2 Kf6 37. Ke3 e5 38. a3
h6 39. Be4 exf4+ 40. gxf4 a5 41. Bf3 Bb5 42. Be4 a4 43. Bf3 Re7+ 44. Kd4
Kf5 45. Kc5 Ba6 46. Kb6 Re3 47. Bc6 Bc4 48. Bxa4 Kxf4 49. Kc5 Be6 50. Bb5
Bf5 51. a4 Re5+ 52. Kb4 Ke3 53. Rg2 d2 54. Re2+ Kf4 55. Rxd2 g5 56. a5 Re4+
57. Kc5 Re5+ 58. Kb4 Re4+ 59. Kc5 Re5+ 60. Kb4 Re4+ 61. Kc5 1/2-1/2